Let's Draw the European Borders Quiz Stats

 Plays Quiz Updated Nov 22, 2016

Challenge
Share
Tweet
Score 0/93 Timer 20:00
14 Plays Today
% Correct
IE - UK
76.9%
PT - ES
76.6%
NO - SE
75.8%
ES - FR
75.4%
DK - DE
75%
FI - RU
75%
DE - PL
75%
FR - IT
75%
NL - DE
74.3%
CH - IT
73.9%
AD (ES, FR)
73.8%
FR - DE
73.2%
SE - FI
73.1%
BE - NL
72.9%
IT - VA
72.8%
IT - SM
72.4%
ES - UK
72.3%
ES - FR
72.2%
FR - CH
72%
IT - SI
71.7%
BG - TR
71.7%
EE - RU
71.7%
FR - MC
71.6%
AT - IT
71.3%
EE - LV
71.2%
UA - RU
71.1%
LV - LT
70.7%
DE - AT
70.5%
BE - DE
70.4%
NO - FI
70.4%
DE - CH
70.3%
% Correct
FR - BE
70.3%
BY - RU
69.9%
RO - BG
69.5%
DE - CZ
69.5%
BY - UA
69.2%
HR - BA
69%
PL - BY
68.8%
PL - CZ
68.7%
BG - GR
68.5%
AL - GR
68.1%
NO - RU
68%
GR - TR
67.8%
LV - RU
67.7%
MK - GR
67.4%
CZ - AT
67.3%
PL - UA
67.1%
FR - LU
66.9%
SI - HR
65.9%
LT - BY
65.8%
PL - SK
65.5%
MK - BG
65.3%
RS - RO
65%
LV - BY
64.9%
BE - LU
64.5%
AT - SI
64.3%
CZ - SK
64.2%
MD - UA
64.2%
HR - HU
64.1%
AL - MK
64.1%
HU - RO
64%
BA - RS
63.9%
% Correct
RO - MD
63.9%
LU - DE
63.5%
RS - BG
63.3%
AT - HU
63.3%
CY - UK
63.2%
RU - PL
63.1%
LT - PL
62.8%
CH - AT
62.5%
ME - AL
62.3%
HU - RS
62%
SK - HU
61.9%
UA - RO
61.9%
SK - UA
61.6%
CH - AT
61.2%
BA - ME
60.7%
UA - RO
60.6%
AT - SK
59.6%
HR - RS
59.3%
CY - UK
59.3%
XK - AL
58.8%
RS - ME
58.8%
SI - HU
58.5%
LI (AT, CH)
58.4%
RS - XK
58.1%
XK - MK
57.6%
LT - RU
57%
HU - UA
55.7%
RS - MK
55.2%
ME - XK
51.5%
HR - BA
50.6%
HR - ME
42.6%

You're not logged in!

Compare scores with friends on all Sporcle quizzes.
OR
Log In

You Might Also Like...

Show Comments

Extras

Top Quizzes Today


Score Distribution

Your Account Isn't Verified!

In order to create a playlist on Sporcle, you need to verify the email address you used during registration. Go to your Sporcle Settings to finish the process.

Report this User

Report this user for behavior that violates our Community Guidelines.

Details: